Worship in the shape of Scripture (Record no. 22472)
[ view plain ]
| 000 -LEADER | |
|---|---|
| fixed length control field | 00395cam a22001454a 4500 |
| 020 ## - INTERNATIONAL STANDARD BOOK NUMBER | |
| ISBN | 0829814213 (pbk. : alk. paper) |
| 082 00 - DEWEY DECIMAL CLASSIFICATION NUMBER | |
| Classification number | 264.05834 |
| Author Cutter | MIT |
| 100 1# - MAIN ENTRY--AUTHOR NAME | |
| Author name | Mitman, F. Russell. |
| 245 10 - TITLE STATEMENT | |
| Title | Worship in the shape of Scripture |
| 260 ## - PUBLICATION, DISTRIBUTION, ETC. (IMPRINT) | |
| Place of publication | Cleveland, Ohio : |
| Name of publisher | Pilgrim Press, |
| Year of publication | 2001. |
| 300 ## - PHYSICAL DESCRIPTION | |
| Number of Pages | x, 165 p. : |
| Other physical details | music ; |
| 650 #0 - SUBJECT ADDED ENTRY--TOPICAL TERM | |
| Topical Term | Liturgics |
| -- | Public worship |
| 942 ## - ADDED ENTRY ELEMENTS (KOHA) | |
| Koha item type | Books |
| Home library | Current library | Shelving location | Date acquired | Full call number | Accession Number | Koha item type |
|---|---|---|---|---|---|---|
| Henry Martyn Institute Library | Henry Martyn Institute Library | General stacks | 11/02/2018 | 264.05834 MIT | 11003837 | Books |
